00534nam a22001697a 4500003000400000005001700004008004100021020001700062040002900079050002300108100006300131245003800194250001200232260003500244300006100279650002400340OSt20260615155713.0260615b |||||||| |||| 00| 0 eng d a978113394964 cChuka University Library aQD 31.3b.K68 2015 aKotz John, Paul Treichel, John Townsend and Treichel David aChemistry and Chemical Reactivity a9th Ed. aMexicobCengage Learningc2015 axxxiii, 1007P, in various pagingsbColored Illustrations aChemistry-Textbooks